000 00299nam a22001337a 4500
008 171002b xxu||||| |||| 00| 0 eng d
020 _a2900471738076
041 _aeng
080 _22ND
_a159.9
100 _a48
101 _aPSI
245 _aPSYCHOLOGICAL TESTING
_cHOGAN,TH,P
942 _2udc
_cBK
999 _c31247
_d31247